| 000 | 00492nam a2200205Ia 4500 | ||
|---|---|---|---|
| 003 | 0100 | ||
| 008 | 130303s9999 xx 000 0 und d | ||
| 040 | _cARRUPELIB | ||
| 050 | _aLB14.7.O41 2002 | ||
| 100 | _aOkoro, Ogunyiriofo | ||
| 245 | _aBranches of philosophy in education | ||
| 260 | _aOnitsha | ||
| 260 | _bBallin Publishers Nig. Limited | ||
| 260 | _C2002 | ||
| 300 | _axiv | ||
| 300 | _b 417p. 22cm. | ||
| 650 | _bLipsius, Justus | ||
| 650 | _cStoics | ||
| 942 |
_2lcc _03 |
||
| 999 |
_c61703 _d61703 |
||